100 Personnages Inazuma Eleven FR - Statistiques

Statistiques générales
  • Ce quiz a été pris 585 fois
  • Le résultat moyen est 31 sur 100
Statistiques - réponses
Hint Réponse % Correct
1 Mark Evans
99%
2 Axel Blaze
92%
6 Jude Sharp
86%
15 Jack Wallside
71%
9 Nathan Swift
70%
8 Kevin Dragonfly
67%
3 Xavier Foster
66%
5 Byron Love
60%
13 David Evans
58%
31 Erik Eagle
57%
4 Shawn Froste
57%
17 Tod Ironside
55%
7 Nelly Raimon
54%
23 David Samford
53%
62 Paolo Bianchi
53%
16 Hurley Kane
51%
22 Jordan Greenway
51%
48 Ray Dark
51%
20 Caleb Stonewall
50%
11 Darren Lachance
50%
40 Hector Helio
49%
14 Seymour Hillman
49%
30 Bobby Shearer
48%
35 Joseph King
47%
19 Archer Hawkins
45%
73 Mac Robingo
45%
68 Edgar Partinus
43%
10 Austin Hobbes
42%
76 Celia Hills
41%
70 Mark Krueger
41%
36 Dvalin
40%
67 Thiago Torres
40%
87 Lina Schiller
39%
12 Percival Travis
38%
78 Camellia Travis
37%
37 Claude Beacons
36%
18 Scott Banyan
36%
34 Victoria Vanguard
35%
45 Bellatrix
34%
50 Marvin Murdock
34%
25 Steve Grim
34%
29 William Glass
34%
41 Drago Hill
32%
77 Silvia Woods
32%
88 Astram Schiller
31%
80 Canon Evans
31%
61 Hidetoshi Nakata
31%
51 Thomas Murdock
31%
21 Thor Stoutberg
30%
52 Tyler Murdock
30%
85 Julia Blaze
29%
92 Sonny Raimon
28%
46 Thomas Feldt
28%
84 Zoolan Rice
28%
74 Destra
26%
75 Sael
25%
100 Sharon Evans
25%
33 Suzette Hartland
25%
38 Bryce Whitingale
24%
32 Shadow Cimmerian
24%
28 Max Carson
23%
82 Minion
23%
39 Changsu Choi
20%
24 Jim Wraith
20%
47 Neil Turner
20%
55 Bash Lancer
18%
71 Dylan Keats
18%
27 Sam Kincaid
18%
91 Frank Wintersea
17%
83 Inspecteur Smith
17%
86 Monsieur Veteran
17%
26 Timmy Saunders
17%
66 Bilal Kalil
15%
96 Daniel Hatch
15%
99 Albert Green
14%
53 Johan Tassman
14%
60 Gigi Blasi
13%
79 Julio Acuto
13%
44 Gareth Flare
10%
49 Malcom Night
9%
69 Carlos Lagarto
8%
89 Chester Horse Junior
8%
54 Sail Bluesea
8%
90 Cadence Soundtown
7%
42 Walter Mountain
7%
72 Dolph Hensen
6%
59 Henry House
6%
98 Neppten
6%
65 Angelo Gabrini
5%
57 Escavan Malice
5%
81 Karl Kappa
5%
43 Maximino Cruz
5%
58 Mystral Callous
5%
94 Ryan Miles
5%
56 Lars Luceafar
4%
97 Jonas Demetrius
3%
93 Maddie Moonlight
3%
95 Zeke Valanche
3%
64 Dante Diavolo
2%
63 Raffaele Generani
2%
Aucun quiz correspondant
Distribution des résultats
% des personnes avec chaque résultat
Percentile par nombre de réponses
Votre historique - résultats
Vous n’avez pas pris ce quiz